مكتبة جامعة عجلون الوطنية

فهرس بحث المكتبة

Normal view MARC view
  • عبدالله بن الحسين بن علي، ملك الأردن، 1988 - 1951؛ اشراف البخيت، محمد عدنان؛ جمع وإعداد هند غسان أبو الشعر؛ المتابعة والتنسيق باسل غازي الجغامين

Entry Personal Name

Number of records used in: 1

001 - CONTROL NUMBER

  • control field: 59455

003 - CONTROL NUMBER IDENTIFIER

  • control field: JO-AjAnu

005 - DATE AND TIME OF LATEST TRANSACTION

  • control field: 20230606083725.0

008 - FIXED-LENGTH DATA ELEMENTS

  • fixed length control field: 230606|| aca||aabn | a|a d

040 ## - CATALOGING SOURCE

  • Original cataloging agency: JO-AjAnu
  • Transcribing agency: JO-AjAnu

100 ## - HEADING--PERSONAL NAME

  • Personal name: عبدالله بن الحسين بن علي، ملك الأردن، 1988 - 1951؛ اشراف البخيت، محمد عدنان؛ جمع وإعداد هند غسان أبو الشعر؛ المتابعة والتنسيق باسل غازي الجغامين

670 ## - SOURCE DATA FOUND

  • Source citation: Work cat.: (JO-AjAnu)30324: عبدالله بن الحسين بن علي، ملك الأردن، 1988 - 1951؛ اشراف البخيت، محمد عدنان؛ جمع وإعداد هند غسان أبو الشعر؛ المتابعة والتنسيق باسل غازي الجغامين, author, الوثائق الهاشمية: أوراق عبدالله بن الحسين: الأمطار والآبار الإرتوازية في إمارة شرق الأردن (1934-1952م)، مج26